| 000 | 01533cam a22003614a 4500 | ||
|---|---|---|---|
| 001 | 12141065 | ||
| 003 | OSt | ||
| 005 | 20211014103356.0 | ||
| 008 | 000814s2001 nyua 001 0 eng | ||
| 010 | _a 00063344 | ||
| 020 | _a0471181900 (cloth : alk. paper) | ||
| 038 | _aKhadija | ||
| 040 |
_aDLC _cDLC _dDLC |
||
| 042 | _apcc | ||
| 050 | 0 | 0 |
_aTA417.5 _b.M35 2001 |
| 082 | 0 | 0 |
_a621.1127 _221 _bMAL |
| 100 | 1 |
_aMaldague, Xavier, _d1959- _955176 |
|
| 245 | 1 | 0 |
_aTheory and practice of infrared technology for nondestructive testing / _cXavier P.V. Maldague. |
| 260 |
_aNew York ; _bWiley, _c2001. |
||
| 300 |
_axix, 684 p. : _bill. ; _c24 cm. |
||
| 440 | 0 |
_aWiley series in microwave and optical engineering _955177 |
|
| 500 | _a"A Wiley-Interscience publication." | ||
| 500 | _aIncludes index. | ||
| 563 | _aHardcover | ||
| 650 | 0 |
_aNondestructive testing. _938315 |
|
| 650 | 0 |
_aInfrared technology. _955178 |
|
| 856 | 4 | 2 |
_3Contributor biographical information _uhttp://www.loc.gov/catdir/bios/wiley042/00063344.html |
| 856 | 4 | 2 |
_3Publisher description _uhttp://www.loc.gov/catdir/description/wiley034/00063344.html |
| 856 | 4 |
_3Table of Contents _uhttp://www.loc.gov/catdir/toc/onix05/00063344.html |
|
| 906 |
_a7 _bcbc _corignew _d1 _eocip _f20 _gy-gencatlg |
||
| 942 |
_2ddc _cBK |
||
| 999 |
_c31721 _d31721 |
||